000 00736nam a2200289Ia 4500
005 20260324133535.0
008 008 260324s9999 xx 000 0 eng d
020 _a9780203011607
037 _aEBOOK
040 _aCRL
040 _beng
040 _cCRL
041 _2eng
041 _aeng
084 _qCRL
100 _aRan Edelist; David Arbel
_91193482
245 0 _aWestern Intelligence and the Collapse of the Soviet Union
245 0 _b1980-1990: Ten Years that did not Shake the World
260 _bTaylor and Francis
260 _c2003
365 _a
365 _b325
856 _uhttp://www.taylorfrancis.com/books/9780203011607
942 _cEBOOK
999 _c1792611
_d1792611